| 000 | 00592nam a2200169Ia 4500 | ||
|---|---|---|---|
| 008 | 190805s9999||||xx |||||||||||||| ||und|| | ||
| 020 |
_a9780333933428 _cRs. 375.00 |
||
| 082 | 0 | 4 |
_a658.5 _bR1269 |
| 245 | 1 | 0 |
_aLogistics And Supply Chain Management : cases and concepts / _cedited by G. Raghuram and N. Rangaraj |
| 260 |
_aChennai : _bMacMillan Publishers India Ltd., _c2000, reprinted 2010 |
||
| 300 |
_axxii, 424 p. _b : ill. _c; 24 cm. |
||
| 650 | 0 |
_aBusiness logistics _xManagement _vTextbooks |
|
| 700 | 1 | _aRaghuram, G. | |
| 700 | 1 | _aRangaraj, N. | |
| 942 | _cBK | ||
| 999 |
_c396 _d396 |
||